Регионална библиотека "Любен Каравелов" - Русе

Konzert fur Oboe und Orchester C-dur Hob VIIg: C 1 | Introduktion, Thema und Variationen F-dur op.102 | Konzert fur Oboe und Streichorchester Es-dur (Запис номер 528457)

MARC детайли
000 -Лидер
Лидер 01908njm a2200385 a 4500
003 - Код на организацията, давaща контролен номер
Код на организацията, даваща контролен номер BLK
005 - Дата и час на последна редакция
Дата и час на последна редакция 20250311094940.0
007 - Фиксирано поле за физическо описани
Физическо описание sd ammalaaahaa
008 - Елементи от данни с фиксирана дължина
Елементи с фиксирана дължина 180413b bul||n|| |||||||| n|bulo|
028 ## - PUBLISHER NUMBER
Издателски номер 827690
040 ## - Източник на каталожния запис
Код на библиотеката BLK
041 ## - Код за език
Език на записа Немски
Език за КДБФ Немски
080 ## - УДК
УДК текст Концерт за обой
УДК код 785.6:788.7
УДК – определител (086.72)
УДК – код + определител 785.6:788.7(086.72)
100 ## - Редна дума - Автор
R(LIN) 387485
Автор Haydn, Franz Joseph
245 ## - Сведения за заглавието
Заглавие Konzert fur Oboe und Orchester C-dur Hob VIIg: C 1
Авторска отговорност Joseph Haydn
245 ## - Сведения за заглавието
Заглавие Introduktion, Thema und Variationen F-dur op.102
Авторска отговорност Johann Nepomuk Hummel
245 ## - Сведения за заглавието
Заглавие Konzert fur Oboe und Streichorchester Es-dur
Авторска отговорност Vincenzo Bellini; Rundfunk-Kammerorchester Leipzig; dir.: Wolf-Dieter Hauschild
257 ## - Страна на издаване
Страна на създаване/издаване Германия
260 ## - Област на издателските данни
9 (RLIN) 215027
Място на издаване Berlin
Име на издателя Deutsche Schallplatten
Година на издаване 1983
300 ## - Физическа характеристика
Брой страници 1 грамофонна плоча
Илюстрации 33 об./мин., стерео
Размер 30 см
380 ## - Жанр
Жанр Изкуство
490 ## - СЕРИИ (Колекции)
Серия Eterna
9 (RLIN) 493861
500 ## - Общи забележки
Обща забележка (01) Joseph Haydn (?) - Konzert für Oboe und Orchester<br/>C-dur Hob VIIg: C 1<br/>(01a) Allegro spirituoso<br/>(01b) Romance. Poco Adagio<br/>(01c) Rondo. Allegretto<br/><br/>(02) Johann Nepomuk Hummel - Introduktion, Thema und Variationen<br/>F-dur op.102<br/>(03) Vincenzo Bellini - Konzert für Oboe und Streichorchester Es-dur<br/><br/>Rundfunk-Kammerorchester Leipzig<br/>Dirigent: Wolf-Dieter Hauschild<br/><br/>Burkhard Glaetzner, Oboe<br/>Musikregie: Bernd Runge<br/>Tonregie: Horst Kunze
518 ## - Забележка за време/място на протичане на отразеното събитие
Забележка за време и място на протичане на отразеното събитие Aufgenommen 1981/82 im Studio Paul-Gerhard-Kirche, Leipzig<br/>
650 #7 - Допълнително описание по предмет – тема
9 (RLIN) 164432
Предметна рубрика Обой - концерти
700 1# - Други автори (авторска отговорност)
9 (RLIN) 13513
Друг автор Hummel, Johann Nepomuk
700 1# - Други автори (авторска отговорност)
9 (RLIN) 4895
Друг автор Bellini, Vincenzo
700 ## - Други автори (авторска отговорност)
9 (RLIN) 495469
Друг автор Hauschild, Wolf-Dieter
700 ## - Други автори (авторска отговорност)
9 (RLIN) 497133
Друг автор Glaetzner, Burkhard
710 ## - Име на организация или юридическо лице като допълнителен термин за търсене
9 (RLIN) 494217
Друг колективен автор Rundfunk-Kammerorchester Leipzig
852 ## - Местоположение
Сигнатура (форматна) Ф ІІ 6031
Отдел Основен фонд - ползва се само за читалня
856 ## - Електронен адрес и достъп
Инструкция (цена за достъп) 0.00
Права за достъп disable
942 ## - АРТИКУЛИ
Вид на библиотечния документ Грамофонни плочи
Скрит в OPAC Не
944 ## - СЪЗДАВАНЕ И РЕДАКЦИЯ на ЗАПИСА
Дата на регистрацията/редакция Моника Янева
Служител, извършил регистрацията/редакцията 30570
Статус, дата на статуса Моника Янева
Създаване/Редакция
999 ## - СИСТЕМНИ КОНТРОЛНИ НОМЕРА
Koha biblionumber 528457
Koha biblioitemnumber 528457
Наличности
Код за отписване Код за изгубен артикул Източник на класификационната схема Код за повреда Коз за рестрикции Код за отдаване Артикулен № Име на библиотеката - собственик Име на библиотеката, в която се намира в момента Статус (Текущо местоположение) Дата на вписване в системата Местоположение - отдел Цена в лева Инвентарен номер Систематично азбучна сигнатура Баркод Цена в евро Служебен тип на артикула
  Не е изгубен Universal Decimal Classification Не е повреден само за читалня ползва се в читалня 962846 Регионална библиотека "Любен Каравелов" Русе Регионална библиотека "Любен Каравелов" Русе Хранилище 2025-03-11 Основен фонд - ползва се само за читалня 6.00 14373 Ф ІІ 6031 900000113878 3.07 Грамофонни плочи
Vip Innovations Ltd, Rousse, Bulgaria 2025